Đánh giá sự thay đổi và hiệu quả kinh tế của một số hệ thống canh tác chính trên ba vùng sinh thái nông nghiệp khác nhau ở tỉnh Bạc Liêu (giai đoạn 2007-2012) : Luận văn tốt nghiệp cao học. Chuyên ngành Phát triển nông thôn

Nội dung luận văn nghiên cứu xác định thực trạng của các HTCT (kiểu sử dụng đất) hiện nay và sự thay đổi của các HTCT trên ba tiểu vùng sinh thái nông nghiệp khác nhau ở tỉnh Bạc Liêu; Phân tích hiệu quả kinh tế của các HTCT đang hiện hữu; So...

ver descrição completa

Na minha lista:
Detalhes bibliográficos
Autor principal: Đỗ, Phương Thanh
Formato: Livro
Idioma:Undetermined
Publicado em: Cần Thơ Trường Đại học Cần Thơ 2015
Assuntos:
Tags: Adicionar Tag
Sem tags, seja o primeiro a adicionar uma tag!
Thư viện lưu trữ: Trung tâm Học liệu Trường Đại học Cần Thơ
LEADER 01471nam a2200217Ia 4500
001 CTU_209349
008 210402s9999 xx 000 0 und d
082 |a 338.162 
082 |b Th107 
088 |a 60620116 
100 |a Đỗ, Phương Thanh 
245 0 |a Đánh giá sự thay đổi và hiệu quả kinh tế của một số hệ thống canh tác chính trên ba vùng sinh thái nông nghiệp khác nhau ở tỉnh Bạc Liêu (giai đoạn 2007-2012) : 
245 0 |b Luận văn tốt nghiệp cao học. Chuyên ngành Phát triển nông thôn 
245 0 |c Đỗ Phương Thanh ; Nguyễn Hồng Tín (Hướng dẫn khoa học) 
260 |a Cần Thơ 
260 |b Trường Đại học Cần Thơ 
260 |c 2015 
520 |a Nội dung luận văn nghiên cứu xác định thực trạng của các HTCT (kiểu sử dụng đất) hiện nay và sự thay đổi của các HTCT trên ba tiểu vùng sinh thái nông nghiệp khác nhau ở tỉnh Bạc Liêu; Phân tích hiệu quả kinh tế của các HTCT đang hiện hữu; So sánh hiệu quả kinh tế của các HTCT và đề xuất những HTCT triển vọng 
650 |a Hệ thống canh tác,Cropping systems 
904 |i Trần Thị Hồng Ngọc (Nguyên) 
980 |a Trung tâm Học liệu Trường Đại học Cần Thơ